Résumés farfelus de films - Statistiques

Statistiques générales
  • Ce quiz a été pris 327 fois
  • Le résultat moyen est 10 sur 15
Statistiques - réponses
Résumé Réponse % Correct
A quel moment ils se sont dit que c'était une bonne idée de faire revivre des lézards géants avec si peu de normes de sécurité dans un parc à thème Jurassic Park
91%
Une petite fille qui est un peu trop high qui se retrouve à courser un lapin en retard, qui manque de se faire décapiter par une reine (dictatrice) et qui fini par manger avec un lièvre et un chapelier qui mériteraient de se faire interner Alice au pays des merveilles
87%
C'est l'histoire d'un gosse adopté qui se fait attiré par un géant barbu grâce à un gâteau et qui l'emmène acheter un bout de bois pour lancer des éclairs. Au final le gosse il tue un espèce de monsieur qui était juste jaloux de son nez Harry Potter
86%
Un gros chat qui veut prendre le rôle de son père mais une fois qu'il est mort tué par son frère il assume plus trop du coup il part avec un cochon poilu et un furet qui marche sur deux pattes pour manger des insectes Le roi lion
79%
C'est deux amis avec une relation un peu cheloue qui partent faire une randonnée (un peu plus longue que prévue) avec pour objectif de détruire un bijou de famille volé à un fou et il finissent par revenir à dos d'aigles Le seigneur des anneaux
78%
Des gens qui ont pas peur de mourir, qui ne respectent absolument pas la physique. Ils sauvent le monde avec des voitures et ça étonne personne. Et le petit blond nous manque à tous Fast and Furious
75%
Des frères et sœurs qui s'ennuient en vacances, il y en a un qui se prend pour un roi, une autre qui parle aux gens qu'elle connait pas, une autre qui n'a aucune émotion et un dernier qui a trahi sa famille pour des loukoums. Et ils ont un lion comme conseiller. Narnia
73%
Un mec avec un bouclier, un mec dans une boite en fer, une meuf qui te détruit à coup d'arts martiaux et de tasers, un mec qui se prend pour Katniss, un mec toujours énervé et un dernier qui a trouvé son arme dans une boîte à outils Avengers
71%
Une réunion de jeunes type alcoolique anonymes mais pour des littéraires en l'honneur de leur prof (bonjour la secte). Ils montent sur les tables et font du théâtre pour voir la vie différemment Le cercle des poètes disparus
68%
Un mec qui s'enfuit pour échapper au meurtre de toute sa famille et qui au final chevauchent des vers géants, vit avec un truc dans le nez, soulève une armée et devient un messie. Tout ça pour des épices Dune
63%
Le mec parce qu'il est atteint d'un cancer fait un marché louche avec un inconnu et finit brulé vif. Il a le seum donc il met une combi en cuir moulante, tue les gens de manière très violente avec un nombre d'insultes à la minute très impressionnant Deadpool
56%
Un mec giga beau qui est un peu trop fort au poker et qui tombe in love d'une riche giga belle qui en peut plus de sa vie. Sauf que la vie est dure pour eux puisque leur voyage fini en bain de minuit géant Titanic
49%
Le mec est un peu beaucoup trop rancunier alors il monte un plan pendant 25 ans pour pourrir la vie des gens qui l'ont mis en prison. Tous ça pour une femme (homme capable) Le comte de Monte-Cristo
35%
Une fille qui n'est définitivement pas toute seule dans sa tête et qui est dirigée par une meuf un peu trop optimiste Vice-versa
30%
A l'époque où les femmes avaient encore autant de droit qu'un mouton, un mec coincé des sentiments qui a un coup de foudre pour une madame qui ne l'aime pas du tout (en même le mec est grave hautain). Au final tout s'arrange et ça crée le plus beau ennemies to lovers jamais crée Orgueil et Préjugés
13%
Aucun quiz correspondant
Distribution des résultats
% des personnes avec chaque résultat
Percentile par nombre de réponses
Votre historique - résultats
Vous n’avez pas pris ce quiz